Place and placelessness

Saved in:
Bibliographic Details
Main Author: Relph, E. C.
Format: Book
Language:English
Published: London : Pion, 1980
Series:Research in planning and design
Subjects:
Tags: Add Tag
No Tags, Be the first to tag this record!

MARC

LEADER 00000nam a2200000 i 4500
001 1/101279
008 960404s1980 eng d
020 |a 0-85086-055-5 
035 |l 10012042 
040 |a GR-MY-UA  |b gre  |e aacr 
041 0 |a eng 
082 0 |a 301.31 
100 1 |a Relph, E. C. 
245 1 0 |a Place and placelessness /  |c E. Relph 
260 |a London :   |b Pion,   |c 1980 
300 |a 156 p. 
490 1 |a Research in planning and design 
504 |a Includes index 
650 0 0 |a City planning. 
650 0 0 |a Environmental psychology. 
830 0 |a Research in planning and design 
852 |a INST  |b LESVOS  |e 19960404  |h 301.31 REL  |p 005100015531  |q 005100015531  |t BK  |y 0 
901 |a BIBL-1998-2 
909 |a Λ  |b 043424 
922 |a 1ΕΛΗ  |b 199512  |c ΠΠ/169 
950 |a 171-1995-02-23